000 00518nam a2200181Ia 4500
008 151202s9999||||xx |||||||||||||| ||und||
082 _bPNVM-11936
100 _aHOWARD ALEXANDER & NEWMAN ERNEST.
245 _aTHE MENACING RISE OF JAPAN.
260 _bGEORGE & HARRAP CO.
260 _c0
300 _a0
600 _aHOWARD ALEXANDER & NEWMAN ERNEST.
630 _aTHE MENACING RISE OF JAPAN.
700 _aHOWARD ALEXANDER & NEWMAN ERNEST.
730 _aTHE MENACING RISE OF JAPAN.
942 _cBOOK
999 _c1277923
_d1277920